4 podobne flagi - 4 różne państwa #1 - Statystyki

Ogólne statystyki
  • Ten quiz został rozwiązany 27 914 razy
  • Średni wynik to 12 z 16
Statystyki odpowiedzi
Obrazkowy Odpowiedź % Poprawnych
Norwegia
99%
Dania
98%
Finlandia
98%
Islandia
96%
Argentyna
90%
Rumunia
90%
Mołdawia
82%
Andora
81%
Czad
71%
Demokratyczna Republika Konga
68%
Honduras
67%
Tanzania
58%
Salwador
55%
Nikaragua
54%
Namibia
44%
Saint Kitts i Nevis
38%
Nie znaleziono quizów pasujących do podanych kryteriów
Rozkład punktacji
Procent ludzi z każdym wynikiem
Percentyl według liczby udzielonych odpowiedzi
Twoja historia wyników
Nie rozwiązałeś tego quizu